00674nam a2200169 i 4500001000700000003000900007005001700016007000300033008004100036100002800077245020600105260003100311300003700342650003000379710007400409852002100483106959ES-MaACL20250903020534.0t|061121s1949 sp a |||| | spa d1 aMoreno Torres, Antonio.10aProblemas de matemática especial b: (soluciones a los problemas propuestos en los exámenes de ingreso en la Escuela Especial de Ingenieros de Caminos, Canales y Puertos) / cAntonio Moreno Torres. aMadrid : bDossat, c1949. aXXIII, 490 p. : bil. ; c25 cm.04aMatemáticas-vProblemas2 aEscuela Especial de Ingenieros de Caminos, Canales y Puertos (Madrid) aES-MaACLjD-6623